Anteproyecto arquitectónico Hotel de montaña con énfasis en las condiciones climáticas del Municipio de el Crucero en la comarca El Chilillo para el año 2017
Presenta un anteproyecto hotel de montaña en el Crucero, el lugar presenta poca concurrencia turística aun teniendo el potencial, sobre todo para el desarrollo del turismo de montaña, por esta razón se realiza un análisis de condiciones climáticas, constructivas y urbanas, con el fin de demost...
| Main Authors: | , , |
|---|---|
| Other Authors: | |
| Format: | Tesis Section = Libro |
| Language: | Undetermined Spanish |
| Published: |
Managua
UNI
2017
|
| Subjects: |
| LEADER | 01452nam a2200313Ia 4500 | ||
|---|---|---|---|
| 008 | 240830s9999 xx 000 0 und d | ||
| 040 | |a BIBLIOTECA-RUSB/ Mon 720.47 S731 | ||
| 041 | |a spa | ||
| 082 | |a Mon 720.47 S731 | ||
| 100 | 1 | |a Soza Rodríguez, Ariadne Saraí | |
| 100 | 1 | |b Izaguirre Herrera, Neysi Tatiana | |
| 100 | 1 | |c Sobalvarro Mena, Mary Cruz | |
| 245 | 1 | 0 | |a Anteproyecto arquitectónico Hotel de montaña con énfasis en las condiciones climáticas del Municipio de el Crucero en la comarca El Chilillo para el año 2017 |
| 260 | |a Managua |b UNI |c 2017 | ||
| 300 | |a 107 p. :il. | ||
| 500 | |a Contiene: anexos e Incluye: CD. | ||
| 502 | |a Tesis (Arquitecto) - UNI, 2017. | ||
| 520 | 3 | |a Presenta un anteproyecto hotel de montaña en el Crucero, el lugar presenta poca concurrencia turística aun teniendo el potencial, sobre todo para el desarrollo del turismo de montaña, por esta razón se realiza un análisis de condiciones climáticas, constructivas y urbanas, con el fin de demostrar el potencial del municipio y dinamizar la actividad turística. | |
| 650 | 7 | |a DISEÑOS ARQUITECTONICOS | |
| 650 | 7 | |b ARQUITECTURA BIOCLIMATICA | |
| 650 | 7 | |c HOTEL DE MONTAÑA | |
| 650 | 7 | |d INDUSTRIA HOTELERA | |
| 650 | 7 | |e TURISMO | |
| 650 | 7 | |f ARQUITECTURA SOSTENIBLE | |
| 650 | 7 | |g ARQUITECTURA-DISEÑOS Y PLANOS | |
| 700 | 1 | |a Tutor: |b Mayorga Navarro, Eduardo José | |
| 942 | |c BK |2 ddc | ||
| 991 | |a TESIS | ||
| 999 | |c 21134 | ||